LEADER 00801nam0-22002891i-450- 001 990002575720403321 035 $a000257572 035 $aFED01000257572 035 $a(Aleph)000257572FED01 035 $a000257572 100 $a20000920d1965----km-y0itay50------ba 101 0 $aENG 200 1 $aEnumerability, decidability, computability$fHans Hermes. 210 $aBerlin$cSpringer Verlag$d1965. 215 $aix, 245 p.$d24 cm 225 1 $aSerie di matematica$v127 610 0 $aTeoria dei numeri 676 $a512 700 1$aHermes,$bHans$042101 801 0$aIT$bUNINA$gRICA$2UNIMARC 901 $aBK 912 $a990002575720403321 952 $aMXXXIII-A-36$b40$fMAS 959 $aMAS 996 $aEnumerability, Decidability, Computability$9354898 997 $aUNINA DB $aING01